000
00196 a2200097 4500
020
_a
9788425512841
041
_a
spa
100
_a
Sadgrove,Judi
245
_a
Tu salud despues del parto
942
_c
BK
999
_c
7144
_d
7144